Πλήρες εγχειρίδιο AutoCAD 2004 και AutoCAD LT 2004

Αποθηκεύτηκε σε:
Λεπτομέρειες βιβλιογραφικής εγγραφής
Κύριος συγγραφέας: Omura, George
Άλλοι συγγραφείς: Γκαγκάτσιου, Ελένη (trlf)
Μορφή: Βιβλίο
Γλώσσα:Greek
English
Δημοσίευση: Αθήνα : Μ. Γκιούρδας, c2003.
Θέματα:
Ετικέτες: Προσθήκη ετικέτας
Δεν υπάρχουν, Καταχωρήστε ετικέτα πρώτοι!

MARC

LEADER 00000cam a2200000 i 4500
001 1/69197
008 041221s2003 gr | ||| |||| ||gre||
020 |a 9605123827 
035 |l 10075913 
040 |a GR-MyUA  |b gre  |e AACR2 
041 1 |a gre  |h eng 
082 0 |a 620.00420285  |2 (21) 
100 1 |a Omura, George. 
245 1 0 |a Πλήρες εγχειρίδιο AutoCAD 2004 και AutoCAD LT 2004 /   |c George Omura ; απόδοση Ε. Γκαγκάτσιου.  
260 |a Αθήνα :   |b Μ. Γκιούρδας,   |c c2003.  
300 |a xxxi, 1129 σ. :   |b εικ. ;   |c 24 εκ. +   |e 1 οπτική δισκέτα λέιζερ (3 1/4 ιν.).  
500 |a Στο συνοδευτικό CD θα βρείτε μία δοκιμαστική έκδοση του AutoCAD και AutoCAD LT.  
504 |a Περιλαμβάνει ευρετήριο.  
650 0 0 |a Computer graphics. 
700 1 |a Γκαγκάτσιου, Ελένη,  |e trlf 
765 0 8 |i Μετάφραση του:   |t Mastering AutoCAD 2004 and AutoCAD LT 2004 /  
852 |a INST  |b SYROS  |e 20041221  |h 620.00420285 OMU  |p 005500003737  |q 005500003737  |t BK  |y 0 
852 |a INST  |b SYROS  |e 20041221  |h 620.00420285 OMU  |p 005500003739  |q 005500003739  |t BK  |y 0 
852 |a INST  |b SYROS  |e 20041221  |h 620.00420285 OMU  |p 005500004208  |q 005500004208  |t BK  |y 0 
852 |a INST  |b SYROS  |e 20041221  |h 620.00420285 OMU   |p 005500003736  |q 005500003736  |t BK  |y 0 
852 |a INST  |b SYROS  |e 20041221  |h 620.00420285 OMU   |p 005500003738  |q 005500003738  |t BK  |y 0 
852 |a INST  |b SYROS  |e 20041221  |h 620.00420285 OMU   |p 005500004207  |q 005500004207  |t BK  |y 0 
901 |a BIBL5-2004-3 
909 |a Ε  |b 111708 
909 |a Ε  |b 116088 
909 |a Ε  |b 116086 
909 |a Ε  |b 111707 
909 |a Ε  |b 116087 
909 |a Ε  |b 116089 
920 |a ΔΙΕΥΡΥΝΣΗ  |b ΕΠΕΑΕΚ-ΤΜΣΠΣ  |y Σύρος  |z 2004-10 
970 |a ΚΟΝΤΟΥ  |b ΠΑΡΑΣΚΕΥΗ  |z 2004/12/21